Administración de la Remuneración Total : Nuevos Sistemas de Pago al Personal.
| Main Author: | |
|---|---|
| Format: | Section = Libro |
| Language: | Undetermined Spanish |
| Published: |
España
Espasa Calpe, S.A.
2000
|
| Subjects: |
| LEADER | 00615nam a2200205Ia 4500 | ||
|---|---|---|---|
| 008 | 240830s9999 xx 000 0 und d | ||
| 020 | |a 84-239-9636-0 | ||
| 040 | |a B-ESTELÍ- RUACS / 658 R577 | ||
| 041 | |a spa | ||
| 082 | |a 658 R577 | ||
| 100 | 1 | |a España. Espasa Galpe editores | |
| 245 | 1 | 0 | |a Administración de la Remuneración Total : Nuevos Sistemas de Pago al Personal. |
| 260 | |a España |b Espasa Calpe, S.A. |c 2000 | ||
| 300 | |a 1823 p:il | ||
| 650 | 7 | |a DICCIONARIO ENCICLOPEDICO | |
| 650 | 7 | |b 90,000 ENTRADAS ACTUALIZADAS | |
| 650 | 7 | |c 3,500 ILUSTRACIONES | |
| 942 | |c BK |2 ddc | ||
| 991 | |a TEXTO | ||
| 999 | |c 11427 | ||